| 000 | 01014nam a22002655a 4500 | ||
|---|---|---|---|
| 003 | OSt | ||
| 005 | 20170424121551.0 | ||
| 008 | 170424s2014 ua o gr 000 0 ara d | ||
| 015 | _a2014 / 17962 | ||
| 020 | _z45654654654 | ||
| 040 |
_aEG-ScBUE _bara _cEG-ScBUE |
||
| 043 | _ama----- | ||
| 082 | 0 | 4 |
_a321.0940956 _bس ل ي _222 |
| 100 | 1 | _aسليمان، خالد. | |
| 245 | 1 | 0 |
_aأمريكا تصنع الثورات الإسلامية / _cخالد سليمان. |
| 260 |
_a[القاهرة] : _bخالد سليمان، _c2014. |
||
| 300 |
_a296 ص. ؛ _c24 سم. |
||
| 541 | _aإهداء من أ. محمد فريد خميس. | ||
| 650 | 7 |
_aالثورات _zالبلاد العربية. _yقرن 21. _2BUEsh |
|
| 650 | 7 |
_aالحركات الإسلامية _zالبلاد العربية. _2BUEsh |
|
| 650 | 7 |
_aالإخوان المسلمون (مصر) _2BUEsh |
|
| 651 | 7 |
_aالولايات المتحدة الأمريكية _xعلاقات خارجية. _2BUEsh |
|
| 653 |
_bBUSBOL _cApril2017 |
||
| 942 | _2ddc | ||
| 999 |
_c24703 _d24675 |
||